[Event "Graz Open 2018"]
[Site "Graz"]
[Date "2018.02.19"]
[Round "3"]
[White "Unuk, Laura"]
[Black "Kanmazalp, Ogulcan"]
[Result "0-1"]
[WhiteElo "2362"]
[BlackElo "2477"]
[Annotator "TA"]
[PlyCount "84"]
[EventDate "2018.??.??"]
[EventType "swiss"]
[EventCountry "AUT"]
[SourceTitle "playchess.com"]
[Source "ChessBase"]
[SourceQuality "1"]

{[%evp 19,84,-16,-3,-15,-13,-35,-50,-39,-36,-122,-69,-94,-92,-86,-102,-209,-202,-179,-158,-217,-220,-366,-298,-376,-233,-229,-231,-331,-322,-839,-833,-796,-794,-1094,-1093,-1292,-1305,-1316,-1285,-1062,-437,-381,0,-654,-465,-518,-510,-601,-595,-5719,-5719,-1838,-1191,-29971,-29972,-29973,-29974,-29974,-29974,-29979,-29980,-29980,-29981,-29981,-29982,-29989,-29986]} 1. d4 e6 2. c4 Nf6 3. Nf3 d5 4. Nc3 a6 5. Bg5 dxc4 6. e4 {D24: Queen's Gambit Accepted: 3 Nf3 Nf6 4 Nc3} b5 7. e5 h6 8. Bh4 g5 9. Nxg5 hxg5 10. Bxg5 Nbd7 $1 {LiveBook: 17 Games} 11. exf6 Bb7 12. d5 {[#] Hoping for dxe6.} Nc5 {White must now prevent ...b4.} 13. dxe6 $1 Nxe6 {[#]} 14. Qe2 $146 (14. Qxd8+ $1 $15 Rxd8 15. Be3) ({Predecessor:} 14. Qxd8+ Rxd8 {0-1 (46) Kornev,A (2507)-Frolyanov,D (2616) Moscow 2011}) 14... Qd6 (14... Qd7 $17 {aiming for ...0-0-0.} 15. Be3 (15. Rd1 Bd6 $15) 15... O-O-O) 15. Rd1 $15 Qc5 {[%mdl 1024] Black has strong compensation.} 16. h4 Bd6 17. Be3 {[#]} (17. Ne4 $17 Qb4+ 18. Bd2 Qxb2 19. Nxd6+ cxd6 20. Bc1 Qxf6 21. Rh3) 17... Qf5 $1 $19 18. g4 Qh7 19. Rh3 (19. Rg1 $17 Qxh4 20. g5) 19... O-O-O 20. Rf3 (20. f3 $142) 20... Rhe8 21. Bg2 Nf4 22. Rxf4 Bxg2 23. Rf5 (23. Rfd4 {is a better defense.} Qxh4 24. g5) 23... Qxh4 24. Rd4 $2 (24. Rh5 Qxf6 25. Rf5) 24... Qh1+ 25. Kd2 c5 26. Rdd5 Bxd5 27. Rxd5 Be5 {And now ...Bxc3+ would win.} 28. Rxd8+ Rxd8+ 29. Kc2 Qh7+ (29... Bxc3 $142 30. bxc3 Qa1) 30. Kc1 {intending Qf3.} Qh1+ $2 ({Better is} 30... Bxc3 $19 31. bxc3 Qh1+ 32. Kb2 Qe4) 31. Nd1 $2 {[%mdl 8192]} (31. Kc2 $11 Bxc3 32. bxc3) 31... Qe4 32. f3 Qd3 33. Qxd3 Rxd3 34. g5 Rxe3 35. Nxe3 {[%mdl 4096] Endgame KB-KN} Bf4 36. Kd2 Bxg5 {Black mates.} 37. Ke2 Bxe3 38. Kxe3 Kd7 39. a4 Ke6 40. axb5 axb5 {[%cal Ba6b5,Bb5b4][%mdl 32]} 41. Ke4 b4 42. f4 Kxf6 {Precision: White = 26%, Black = 72%.} 0-1

[Event "Graz Open 2018"]
[Site "Graz"]
[Date "2018.02.19"]
[Round "3"]
[White "Neuschmied, Siegfried"]
[Black "Gumularz, Szymon"]
[Result "0-1"]
[WhiteElo "2212"]
[BlackElo "2450"]
[Annotator "TA"]
[PlyCount "148"]
[EventDate "2018.??.??"]
[EventType "swiss"]
[EventCountry "AUT"]
[SourceTitle "playchess.com"]
[Source "ChessBase"]
[SourceQuality "1"]

{[%evp 23,148,7,24,13,27,13,16,14,18,-2,37,0,0,0,0,-15,0,-42,-35,-42,-30,-60,-52,-48,-54,-59,-77,-105,-88,-114,-123,-122,-99,-113,-110,-119,-108,-113,-79,-76,-79,-75,-72,-71,-71,-83,-83,-84,-86,-83,-71,-80,-75,-167,-162,-156,-62,-54,-54,-54,-53,-61,-59,-60,-59,-66,-69,-133,-118,-134,-139,-139,-132,-139,-139,-139,-135,-132,-124,-127,-117,-242,-108,-103,-81,-228,-235,-579,-209,-595,-621,-656,-653,-629,-622,-516,-489,-576,-564,-367,0,-20,-30,-453,-383,-789,-732,-943,-419,-927,-845,-947,-936,-749,-560,-899,-509,-417,-37,-962,-900,-29981,-29982,-29982,-29983,-29983,-29984]} 1. e4 g6 2. d4 Bg7 3. Nc3 d6 4. Be3 a6 5. Qd2 b5 6. f3 Nd7 7. a4 b4 8. Nd1 a5 {B06: Modern Defence} 9. c3 bxc3 10. bxc3 Ngf6 11. Bd3 O-O 12. Ne2 c6 {LiveBook: 8 Games} 13. Bh6 e5 14. Bxg7 Kxg7 15. O-O $146 Ba6 16. Ne3 Qc7 17. Ng3 Bxd3 18. Qxd3 d5 19. Qd2 Rae8 20. dxe5 Qxe5 {[%cal Rd5e4]} 21. Rae1 dxe4 22. fxe4 Kg8 23. Nc4 Qe6 24. Nxa5 Ra8 25. c4 Ne5 {[%mdl 1024] Black has strong compensation.} 26. Qc3 Nfd7 $1 27. c5 Ra6 28. Ne2 Qe7 29. Nb3 Rxa4 30. Ned4 Rc4 31. Qg3 Kh8 32. Rc1 Rxc1 33. Rxc1 Ra8 34. Qc3 {Hoping for Nxc6.} Kg8 35. h3 Qh4 36. Qe3 Nf6 37. Re1 Ra2 38. Nd2 {[#]} (38. Rf1 $17) 38... Ra3 $1 $19 {[%cal Ra3e3][%mdl 512]} 39. N4b3 {[#]} (39. Qxa3 Qxe1+) 39... Nc4 (39... Nfg4 $1 $17 {[%cal Rg4e3][%mdl 512]} 40. hxg4 Nxg4) 40. Nxc4 $15 Rxb3 $1 41. Qf2 Qxf2+ 42. Kxf2 {[%mdl 4096] Endgame KRN-KRN} Rc3 43. Nd6 Rxc5 44. e5 Nd7 45. Nxf7 ({White should play} 45. e6 $15 fxe6 46. Rxe6) 45... Kxf7 {KRN-KR} 46. e6+ Ke7 47. exd7+ Kxd7 $17 {KR-KR} 48. Kf3 Rf5+ 49. Ke4 Kd6 {Strongly threatening ...Re5+.} 50. Rd1+ Rd5 51. Ra1 Re5+ 52. Kf4 (52. Kd3 $17 {might work better.}) 52... Re7 (52... c5 $1 $19 53. h4 Re2 54. Rd1+ Kc6) 53. Rd1+ Ke6 54. g4 (54. Rc1 $17) 54... c5 $1 $19 {[%cal Bc6c5,Bc5c4][%mdl 32]} 55. Ke4 $2 (55. Ke3) 55... Rc7 $2 (55... c4 56. Rc1 Kf6+ 57. Kf4 Rc7) 56. Rc1 $2 (56. Re1) 56... c4 $1 {[%cal Rc4c3]} 57. Rc3 g5 58. Kd4 Kd6 59. Ke3 Kd5 60. Kd2 Rf7 61. Ra3 Rc7 $2 (61... Kd4 $19 {aiming for ...Rf2+.} 62. Ra6 Rf2+ 63. Kd1 Rh2) 62. Ra5+ Rc5 63. Ra7 $2 {[%mdl 8192]} (63. Ra6 $1 $11) 63... h6 $1 64. Kc3 $2 {[#]} (64. Rf7 Rc6 65. Kc3) 64... Rc6 $1 65. Rf7 Re6 (65... Ra6 $142 66. Rd7+ Ke5 67. Kxc4 Ra3 68. Rd5+ Kf4 69. Rd4+ Kg3) 66. Rd7+ (66. Rf5+ $142 Re5 67. Rf3) 66... Rd6 67. Rc7 Ra6 68. Rd7+ Ke5 69. Kxc4 Kf4 70. Rd3 {[#] intending Kd5.} Re6 $2 (70... Ke4 $1 $19 {Threatens to win with ...Ra4+.} 71. Rd4+ Kf3) 71. Kd5 $2 {[%mdl 8192]} (71. Kc3 $15) 71... Re3 72. Rxe3 Kxe3 {Black mates.} 73. Ke5 Kf3 74. Kf5 Kg3 {Precision: White = 26%, Black = 57%.} 0-1

[Event "Graz Open 2018"]
[Site "Graz"]
[Date "2018.02.19"]
[Round "4"]
[White "Socko, Bartosz"]
[Black "Molenda, Marcin"]
[Result "1-0"]
[WhiteElo "2593"]
[BlackElo "2386"]
[Annotator "TA"]
[PlyCount "95"]
[EventDate "2018.??.??"]
[EventType "swiss"]
[EventCountry "AUT"]
[SourceTitle "playchess.com"]
[Source "ChessBase"]
[SourceQuality "1"]

{[%evp 21,95,28,25,46,53,16,42,42,56,32,39,0,50,37,39,44,45,57,156,156,483,459,417,-36,-55,-33,40,64,46,14,14,20,116,86,84,85,143,152,158,73,78,87,100,81,104,72,108,82,183,119,148,100,107,93,149,147,157,137,161,129,181,184,183,172,228,229,223,223,257,259,356,372,505,327,561,289]} 1. e4 c5 2. Nf3 e6 3. d4 cxd4 4. Nxd4 Nc6 5. Nc3 Qc7 6. f4 a6 7. Nxc6 Qxc6 8. Bd3 Nf6 {B47: Sicilian: Taimanov: 5 Nc3 Qc7 6 f4, 6 g3 and 6 Be2} (8... b5 9. Qe2 Bb7 10. Bd2 Bc5 11. O-O-O Ne7 12. a3 O-O 13. Qh5 f6 14. Rhf1 Rf7 15. g4 b4 16. axb4 Bxb4 17. e5 f5 18. Rg1 Rc8 {0-1 (53) Saric,I (2669)-Harikrishna,P (2744) Riadh 2017}) 9. Qe2 d6 10. Bd2 Be7 11. O-O-O Nd7 {LiveBook: 3 Games} 12. Kb1 Nc5 13. Rhe1 $146 ({Predecessor:} 13. f5 Bf6 14. g4 Bd7 15. Qe3 O-O-O 16. Ne2 {½-½ (66) Collas,S (2334)-Alexandrova,O (2413) Varna 2002}) 13... Nxd3 14. Qxd3 O-O 15. g4 b5 16. g5 Bb7 (16... b4 $5 {[%cal Rb4c3]} 17. Ne2 a5 $11) 17. a3 Rac8 18. f5 {[%cal Bf4f5,Bf5f6,Bf6g7][%mdl 32]} Qc4 19. Qh3 a5 {[#]} (19... Rfe8 $14) 20. f6 $1 $16 {[%cal Rf6e7][%mdl 512]} Bd8 $2 (20... b4 $16 {is more resistant.}) (20... gxf6 21. gxf6) 21. fxg7 $18 Re8 22. Qh6 $2 (22. g6 $18 fxg6 23. Rf1 Bxe4 24. Nxe4 Qxe4 25. Bc3) 22... b4 $15 23. Re3 {Black must now prevent g6!} Bxg5 ({Wrong is} 23... bxc3 $2 24. g6 $18) (23... Rc7 $1 $15 24. Rh3 Bxe4) 24. Qxg5 $14 bxc3 25. Bxc3 {Strongly threatening Rd4.} Bxe4 26. Rxd6 {With the idea Re1.} Bf5 (26... Qf1+ $11 {remains equal.} 27. Re1 Bxc2+ 28. Ka1 Qf2) 27. Rd1 Qa4 28. Rd2 Rb8 ({Black should try} 28... Rc5 29. Qf6 Bg6) 29. Be5 $16 Rb5 30. Qg2 (30. Qf6 $142 $1) 30... Rc5 31. Bc3 Rb8 32. Qg3 Rcc8 33. Qd6 Qc4 34. Qd4 Qc7 (34... Qf1+ $16 35. Rd1 Qc4) 35. Qe5 ({Better is} 35. Qf6 $18) 35... Qc4 36. Rd4 Qf1+ 37. Re1 $1 {[%cal Re1f1,Be3e1,Be1d1,Bd1d2,Bd2d7][%mdl 32]} Qf2 ({Black should play} 37... Qf3) 38. Rd2 Qh4 {aiming for ...f6.} 39. Red1 a4 40. Rd4 Qh5 (40... Qe7 $16 41. R4d2 (41. Rxa4 f6 $18) 41... Qg5) 41. Qf6 $18 {White threatens Rd8+ and mate.} Re8 {[#]} 42. R1d2 $1 {Rd8 is the strong threat.} Qf3 (42... e5 $142 43. Rd6 (43. Rxa4 Qf3 $11) 43... Qf3) 43. Rd7 $40 {[%csl Gd7][%cal Rf6f7,Bd4d7,Bd7f7,Bf7f6][%mdl 160] White wants a kill.} ({Not} 43. Rxa4 Qh1+ 44. Ka2 Bxc2 $11) 43... Be4 {[#]} 44. Rxf7 $1 {Threatening mate with Rf8+!} Qxf6 45. Rxf6 Bf5 46. Rd7 Rec8 47. Kc1 Rc4 $2 (47... Rd8) 48. Rdf7 {Precision: White = 36%, Black = 27%.} 1-0

[Event "Graz Open 2018"]
[Site "Graz"]
[Date "2018.02.19"]
[Round "4"]
[White "Sebenik, Matej"]
[Black "Schwabeneder, Florian"]
[Result "1-0"]
[WhiteElo "2557"]
[BlackElo "2403"]
[Annotator "TA"]
[PlyCount "95"]
[EventDate "2018.??.??"]
[EventType "swiss"]
[EventCountry "AUT"]
[SourceTitle "playchess.com"]
[Source "ChessBase"]
[SourceQuality "1"]

{[%evp 19,95,9,21,0,5,0,17,9,10,0,2,0,0,-26,0,-37,0,0,0,0,0,-2,0,0,0,0,-8,-32,-27,-32,0,0,0,0,0,0,28,18,30,18,48,0,0,0,0,0,0,0,0,0,71,0,58,0,0,0,78,0,0,0,87,0,189,114,227,224,187,196,574,397,376,414,779,759,970,966,839,816]} 1. Nf3 Nf6 2. c4 e6 3. Nc3 d5 4. d4 Bb4 5. cxd5 exd5 6. Bg5 h6 7. Bh4 Nbd7 {D38: Damengambit (Ragosin-Verteidigung)} 8. e3 g5 9. Bg3 Ne4 10. Nd2 Nxg3 {LiveBook: 36 Partien} 11. fxg3 Nb6 12. Bd3 Be6 $146 ({Vorgänger:} 12... Qe7 13. Qf3 Be6 14. a3 Bxc3 15. bxc3 {1-0 (93) Carlsen,M (2881)-Aronian,L (2815) Stavanger 2014}) 13. O-O c6 14. a3 Bd6 15. Bf5 {[#] Droht stark Lxe6.} Qd7 16. e4 {Droht Lxe6 und aus.} O-O-O 17. Qc2 Kb8 18. Bxe6 fxe6 19. e5 Be7 20. b4 Rdf8 21. Qg6 Rfg8 22. Qd3 Qe8 23. Ne2 Rf8 24. h3 Rxf1+ (24... h5 {looks sharper.} 25. Rac1 Rxf1+ 26. Rxf1 Qg8 27. Nc1 Rh7) 25. Rxf1 Rf8 26. Rxf8 Bxf8 27. Qh7 Nd7 28. Nb3 b6 29. Kh2 Kb7 30. g4 Qe7 31. Qg8 Bg7 32. Ng3 Bf8 33. Nh5 Kc7 34. Qg6 Kb7 (34... c5 $11) 35. Kh1 (35. Nf6 $16) 35... Ka6 ({Lieber} 35... Nb8 $11) 36. Qd3+ (36. Nf6 $14) 36... Kb7 $11 37. Qg6 (37. Kg1 $11) 37... Ka6 $16 38. g3 (38. Kg1 $16) 38... Kb7 39. Kg2 Kc7 (39... a5 $11 {bleibt in der Remisbreite.}) 40. h4 ({Günstiger ist} 40. Nf6 $16) 40... gxh4 $2 {[#]} (40... a5 $11) 41. Nf4 $18 hxg3 (41... a5 $16) 42. Nxe6+ (42. Kxg3 Kb7 $16) 42... Kb7 43. Nd2 ({Keinesfalls} 43. Kxg3 $6 a5 $16) 43... c5 $2 ({Bitte nicht} 43... Qh4 44. Nf3) (43... a5 {leistet mehr Widerstand.} 44. bxa5 (44. Kxg3 axb4 45. axb4 Qxb4 $16) 44... bxa5) 44. Nf3 cxb4 45. axb4 Qxb4 (45... a5 $142 46. bxa5 bxa5 47. Kxg3 a4) 46. Qc2 {Weiß steht klar auf Gewinn.} Qc4 47. Qh7 Kc8 48. Qf7 {Precision: Weiß = 48%, Schwarz = 37%.} 1-0

[Event "Graz Open 2018"]
[Site "Graz"]
[Date "2018.02.19"]
[Round "4"]
[White "Deac, Bogdan-Daniel"]
[Black "Bao, Qilin"]
[Result "1/2-1/2"]
[WhiteElo "2549"]
[BlackElo "2426"]
[Annotator "TA"]
[PlyCount "65"]
[EventDate "2018.??.??"]
[EventType "swiss"]
[EventCountry "AUT"]
[SourceTitle "playchess.com"]
[Source "ChessBase"]
[SourceQuality "1"]

{[%evp 30,65,22,4,35,0,40,-1,0,0,0,0,0,1,0,0,0,0,48,38,40,11,65,0,141,141,162,160,174,168,137,0,0,0,8,8,8,0]} 1. Nf3 Nf6 2. c4 e6 3. g3 d5 4. d4 c5 5. cxd5 exd5 6. Bg2 Be7 7. O-O O-O 8. Nc3 Nc6 9. dxc5 Bxc5 10. Na4 Be7 11. Be3 Re8 12. Rc1 Bg4 13. Nd4 Qd7 {D34: Damengambit (Tarrasch-Verteidigung, Hauptvariante)} 14. Nxc6 bxc6 15. Re1 Bh3 16. Bc5 {LiveBook: 5 Partien} Bxg2 17. Kxg2 Ne4 {[#]} 18. Qd3 $146 ({Vorgänger:} 18. Bxe7 Rxe7 19. Nc5 Nxc5 20. Rxc5 Rae8 {1-0 (39) Dorfman,J (2595)-Belov,V (2608) playchess.com INT 2006}) 18... h5 19. Bxe7 Rxe7 20. h4 Rae8 {zielt auf ...Dh3+! ab.} 21. Nc5 Qd6 22. Nxe4 Rxe4 23. Rc2 Qf6 24. Rec1 R8e6 25. b3 a5 ({Günstiger ist} 25... Qg6 $11) 26. Qa6 (26. a4 $14) 26... Qg6 (26... Qf5 $11) 27. Rxc6 $16 Rxe2 {[#]} 28. Qxe2 $1 {[%mdl 512]} Rxe2 29. Rxg6 fxg6 {[#] KT-KT} 30. Rc5 ({Lieber} 30. a4 $1 $16) 30... Rxa2 $11 {Die Stellung ist ausgeglichen.} 31. Rxd5 a4 32. bxa4 Rxa4 33. Rd7 {Precision: Weiß = 47%, Schwarz = 39%.} 1/2-1/2

[Event "Graz Open 2018"]
[Site "Graz"]
[Date "2018.02.19"]
[Round "4"]
[White "Dastan, Muhammed Batuhan"]
[Black "Sabuk, Piotr"]
[Result "1-0"]
[WhiteElo "2520"]
[BlackElo "2370"]
[Annotator "TA"]
[PlyCount "71"]
[EventDate "2018.??.??"]
[EventType "swiss"]
[EventCountry "AUT"]
[SourceTitle "playchess.com"]
[Source "ChessBase"]
[SourceQuality "1"]

{[%evp 22,71,22,22,27,29,33,3,12,-4,9,0,21,18,27,12,23,21,13,17,60,72,74,56,37,40,114,103,135,123,129,113,122,130,128,133,238,227,244,254,237,227,219,217,225,230,391,378,418,391,380,332]} 1. e4 e5 2. Nf3 Nc6 3. Bc4 Bc5 4. O-O Nf6 5. d3 d6 6. c3 a6 7. a4 h6 8. Nbd2 {C54: Giuoco Piano: 4 c3 Nf6, main lines with 5 d4 and 5 d3} O-O 9. h3 Re8 10. Re1 Be6 11. Bxe6 Rxe6 12. b4 {LiveBook: 16 Games} Ba7 13. Qc2 Ne7 (13... Qd7 14. Nf1 d5 15. Ng3 Rd8 16. exd5 Qxd5 {½-½ (63) Carlsen,M (2834)-Kramnik,V (2787) Wijk aan Zee 2018}) 14. Nb3 Ng6 {[#]} 15. g3 $146 ({Find the theoretical novelty and annotate with similar games:} 15. Be3 Bxe3 16. Rxe3 {1-0 (52) Sivuk,V (2520)-Mikaelyan,A (2442) Moscow 2017}) 15... c6 16. c4 d5 17. Be3 d4 18. Bd2 c5 19. Nxc5 Bxc5 20. bxc5 a5 21. Reb1 Qc7 22. Bc1 Nd7 23. Ba3 Rc6 (23... Ngf8 $14) 24. Rb5 Ngf8 25. Rab1 Ra7 26. Qb2 {[%cal Rb5b7]} Ne6 {[%cal Rd7c5]} 27. Rxb7 Rxb7 28. Qxb7 Nexc5 (28... f6 $16 {was called for.}) 29. Bxc5 $18 Qxb7 30. Rxb7 Nxc5 31. Nxe5 $16 {KRN-KRN} Rc8 32. Ra7 (32. Rxf7 Nxd3 33. Rf5 Nxe5 $14) 32... f6 33. Ng6 Kh7 $2 {[#]} (33... Rb8 34. Nf4 (34. Rxa5 Nxd3 35. Ne7+ Kh7 $18) 34... g5) 34. Nf4 $18 {White is winning.} Nxa4 35. Rxa5 Nc5 36. Ra7 {Precision: White = 60%, Black = 37%.} 1-0

[Event "Graz Open 2018"]
[Site "Graz"]
[Date "2018.02.19"]
[Round "4"]
[White "Kanmazalp, Ogulcan"]
[Black "Horvath, Dominik"]
[Result "1/2-1/2"]
[WhiteElo "2477"]
[BlackElo "2369"]
[Annotator "TA"]
[PlyCount "40"]
[EventDate "2018.??.??"]
[EventType "swiss"]
[EventCountry "AUT"]
[SourceTitle "playchess.com"]
[Source "ChessBase"]
[SourceQuality "1"]

{[%evp 18,40,36,35,57,63,46,20,13,0,6,-7,3,0,0,-5,0,0,0,-12,0,0,0,0,0]} 1. e4 e5 2. Nf3 Nc6 3. Nc3 Nf6 4. d4 exd4 5. Nxd4 Bb4 6. Nxc6 bxc6 7. Bd3 O-O 8. O-O Re8 9. Bg5 Rb8 {C47: Scotch Four Knights and Four Knights with 4 g3} (9... h6 10. Bh4 Rb8 11. f4 Be7 12. b3 d6 13. Qf3 Nd7 14. Bxe7 Qxe7 15. Rae1 Nc5 16. e5 Qd8 17. exd6 cxd6 18. Rxe8+ Qxe8 {0-1 (55) Hou,Y (2652)-Aronian,L (2799) Tbilisi 2017}) 10. f4 {[#] LiveBook: 3 Games. Threatens to win with e5.} Be7 11. e5 $146 ({Find the theoretical novelty and annotate with similar games:} 11. b3 d5 12. e5 Nd7 13. Bxe7 Qxe7 14. Qh5 g6 15. Qf3 Qc5+ {0-1 (15) Woodhouse,S (1719)-Spierenburg,P (2039) ICCF email 2015}) 11... Nd5 $1 {White is slightly better.} 12. Bxe7 Qxe7 {The position is equal.} 13. Nxd5 cxd5 14. b3 d6 15. exd6 Qxd6 16. Qf3 c5 17. Rae1 Bd7 18. Qf2 Rxe1 19. Rxe1 Re8 20. Rxe8+ Bxe8 1/2-1/2

[Event "Graz Open 2018"]
[Site "Graz"]
[Date "2018.02.19"]
[Round "4"]
[White "Gumularz, Szymon"]
[Black "Schweighoffer, Martin"]
[Result "1-0"]
[WhiteElo "2450"]
[BlackElo "2124"]
[Annotator "TA"]
[PlyCount "113"]
[EventDate "2018.??.??"]
[EventType "swiss"]
[EventCountry "AUT"]
[SourceTitle "playchess.com"]
[Source "ChessBase"]
[SourceQuality "1"]

{[%evp 23,112,0,36,30,33,43,33,35,52,47,80,41,37,54,39,56,97,68,34,38,31,41,41,39,50,56,52,29,55,17,69,66,75,72,97,92,82,45,46,43,43,50,43,52,74,79,73,0,108,102,93,90,166,66,122,97,116,122,108,60,78,67,108,102,101,95,90,31,77,28,31,37,47,28,78,77,79,87,140,128,134,93,129,118,130,137,136,144,645,661,29999]} 1. e4 e5 2. Nf3 Nc6 3. Bc4 Bc5 4. c3 Nf6 5. d3 a6 6. Bb3 Ba7 7. O-O d6 8. h3 h6 9. Re1 O-O 10. Nbd2 Nh5 11. Nf1 Qf6 12. Be3 Be6 {LiveBook: 12 Games. C54: Giuoco Piano: 4 c3 Nf6, main lines with 5 d4 and 5 d3} (12... Bxe3 {NOTEXT} 13. fxe3 Qg6 14. Nh4 Qg5 15. Nf3 Qg6) (12... Bxe3 13. Rxe3 Nf4 14. a3 Ne7 15. d4 Neg6 16. Ng3 h5 17. Bc2 Ne7 18. Qf1 h4 19. dxe5 dxe5 20. Nf5 {½-½ (46) Xiong,J (2674)-Sevian,S (2587) Saint Louis 2017}) 13. d4 Bxb3 14. axb3 exd4 {White is slightly better.} 15. Nxd4 Nxd4 16. cxd4 Qh4 $146 ({Find the theoretical novelty and annotate with similar games:} 16... Qg6 17. g4 Nf6 18. f3 d5 19. e5 Nd7 20. f4 {1-0 (38) Zejewski,P (2412)-Mamonovas,V (2227) ICCF email 2015}) 17. Ra5 Nf6 $1 {[%cal Rf6e4]} 18. Ng3 g6 (18... Nxe4 $2 19. Rh5 $18) 19. Qf3 Bb6 20. Ra4 c6 21. Bxh6 Qxh6 22. Qxf6 Qg7 23. Qxg7+ Kxg7 24. Kf1 Rfe8 25. Rd1 Bd8 26. f3 Bf6 (26... d5 $11) 27. Ne2 $14 Kh6 28. Kf2 Bd8 29. Nc3 f5 30. Ke3 fxe4 31. fxe4 Bg5+ 32. Kd3 Rf8 33. Re1 c5 34. dxc5 dxc5 35. Nd5 (35. Rc4 $16) 35... Rae8 {[#]} (35... b5 $11 36. Raa1 Rf2) 36. Rc4 $1 $16 Rf2 37. Rc2 ({Much worse is} 37. Rxc5 Rd2+ 38. Kc3 Rxg2 $15) 37... Ref8 (37... Rxc2 $16 38. Kxc2 Bh4) 38. e5 ({White should try} 38. Ree2 $18 Rxe2 39. Rxe2 (39. Kxe2 Bh4 $16)) 38... R2f5 ({Black should play} 38... Rxc2 $14 39. Kxc2 Rf2+ 40. Kb1 Rd2) 39. Rxc5 Rd8 {[#] Threatens to win with ...b6.} 40. Kc2 Re8 41. Nc3 Bf4 42. Rc7 b5 43. Rc6 Rexe5 44. g4 Rf8 45. Rf1 (45. Rxe5 $16 Bxe5 46. b4 (46. Rxa6 Rf2+ 47. Kc1 b4 $16)) 45... b4 46. Na4 (46. Rxa6 $2 bxc3 47. bxc3 Re2+ 48. Kb1 Rh2 $17) 46... Re2+ 47. Kb1 Kg5 48. Rxa6 Bd6 49. h4+ Kxh4 50. Rh1+ Bh2 (50... Rh2 $142 51. Rxh2+ Bxh2) 51. Rxg6 Rf4 52. g5 {[%cal Bg4g5,Bg5g6][%mdl 32] Hoping for Rh6+.} Rg4 53. Rh6+ Kg3 54. g6 {Nb6 is the strong threat.} Rg2 55. Nc5 {aiming for Nd7.} Bg1 $2 {[%mdl 8192]} (55... Rg1+ $16 56. Rxg1+ Bxg1) 56. Nd3 $18 {[%csl Gh1][%cal Rh6h3]} Bd4 {If Black can now play ...Rg1+ this consolidates a bit.} 57. R6h3# {Precision: White = 59%, Black = 32%.} 1-0

[Event "Graz Open 2018"]
[Site "Graz"]
[Date "2018.02.19"]
[Round "4"]
[White "Barski, Radoslaw"]
[Black "Chakravarthi Reddy, M."]
[Result "0-1"]
[WhiteElo "2429"]
[BlackElo "2380"]
[Annotator "TA"]
[PlyCount "68"]
[EventDate "2018.??.??"]
[EventType "swiss"]
[EventCountry "AUT"]
[SourceTitle "playchess.com"]
[Source "ChessBase"]
[SourceQuality "1"]

{[%evp 25,68,19,21,0,0,0,0,-14,-17,-33,-20,-28,-35,-49,-56,-172,-168,-225,-223,-220,-189,-266,-171,-166,-163,-180,-135,-193,-201,-253,-227,-284,-295,-450,-452,-769,-599,-593,-594,-565,-545,-514,-265,-600,-596]} 1. e4 e6 2. d4 d5 3. Nd2 Nf6 4. e5 Nfd7 5. f4 c5 6. c3 Nc6 7. Ndf3 cxd4 8. cxd4 f5 9. Bd3 Be7 10. Ne2 O-O 11. O-O {C05: French Tarrasch: 3...Nf6 4 e5 Nfd7, 5 f4 and 5 Bd3 sidelines} Nb6 12. a3 a5 {[%cal Ba7a5,Ba5a4][%mdl 32]} 13. b3 Bd7 {LiveBook: 3 Games} 14. h3 a4 15. b4 Rc8 $146 ({Find the theoretical novelty and annotate with similar games:} 15... Na7 16. Nc3 Qe8 17. Qe2 Rc8 18. Bd2 {0-1 (38) Rezende,G (2130)-Rodriguez Vila,A (2487) Florianopolis 2016}) 16. g4 Qe8 17. Ng3 Na7 {[%cal Bc6a7,Ba7b5,Bb5c3][%mdl 32]} 18. gxf5 exf5 19. Re1 Nb5 20. e6 {[#]} (20. Bb2 $15) 20... Bc6 $1 $19 21. Ne5 {[#]} (21. Ng5 $142 Nc3 22. Qf3) 21... Nc3 $1 {[%cal Rc3d1]} 22. Qf3 Ne4 $1 23. Nf7 (23. Be3 $142) 23... Bh4 24. Nxf5 Qxe6 ({Weaker is} 24... Bxe1 25. Qg4 $11) 25. Nxh4 {Black must now prevent Ne5.} Rxf7 26. Qg4 (26. Qg2 $17 {was called for.}) 26... Qf6 {aiming for ...Bd7.} 27. Nf3 Bd7 28. Qg2 Rc3 29. Rd1 (29. Bf1 {might work better.} Qd6 30. Be3) 29... Qh6 30. Kh2 (30. f5 $142 Rxc1 31. Raxc1 Qe3+ 32. Kh2 Rxf5 33. Rg1 Qf4+ 34. Kh1 Qxf3 35. Qxf3 Rxf3 36. Bxe4 dxe4 37. Rc7) 30... Bxh3 31. Qxh3 Qxh3+ 32. Kxh3 {Strongly threatening Kg2.} Nf2+ 33. Kg2 Nxd3 34. Kg3 $2 (34. Ne5 Nxf4+ 35. Bxf4 Rxf4 36. Rdc1) 34... Nc4 {Precision: White = 14%, Black = 82%.} 0-1